La población en la Jara toledana / (Record no. 84613)

MARC details
000 -LEADER
campo de control de longitud fija 00650nam a2200181 i 4500
001 - NÚMERO DE CONTROL
campo de control 84613
003 - IDENTIFICADOR DE NÚMERO DE CONTROL
campo de control ES-MaACL
005 - FECHA Y HORA DE LA ÚLTIMA TRANSACCIÓN
campo de control 20250531063030.0
007 - CAMPO FIJO DE DESCRIPCIÓN FÍSICA--INFORMACIÓN GENERAL
campo de control de longitud fija t|
008 - DATOS DE LONGITUD FIJA--INFORMACIÓN GENERAL
campo de control de longitud fija 041123s1950 sp ||||1| spa d
100 1# - ENTRADA PRINCIPAL--NOMBRE DE PERSONA
Nombre de persona Jiménez de Gregorio, Fernando,
Fechas asociadas al nombre 1911-2012
9 (RLIN) 66505
245 13 - MENCIÓN DEL TÍTULO
Título La población en la Jara toledana /
Mención de responsabilidad, etc. Fernando Jiménez de Gregorio.
260 ## - PUBLICACIÓN, DISTRIBUCIÓN, ETC.
Lugar de publicación, distribución, etc. [S.l. :
Nombre del editor, distribuidor, etc. s.n.,
Fecha de publicación, distribución, etc. 1950]
300 ## - DESCRIPCIÓN FÍSICA
Extensión 4 fasc., 26 lám. :
Otras características físicas il. ;
Dimensiones 25 cm.
500 ## - NOTA GENERAL
Nota general Es separata de: Rev. Estudios Geográficos. Año XI, nº 39, pag. 201-250, mayo 1950 y Año XII, nº 44, p. 527-581.
852 ## - LOCALIZACIÓN
Ubicación ES-MaACL
Número de control de estantería P-664
Sublocalización o colección R.30821
Holdings
Estatus retirado Estado de pérdida Estado de daño No para préstamo Biblioteca de origen Biblioteca actual Ubicación en estantería Fecha de adquisición Fuente de adquisición Total de préstamos Signatura topográfica completa Código de barras Visto por última vez Precio de reemplazo Tipo de ítem Koha
        Biblioteca del Ateneo de Madrid Biblioteca del Ateneo de Madrid Depósito 2 17/01/2008     P-664 1088426 23/02/2023 23/02/2023 Libro impreso